Регионална библиотека "Любен Каравелов" - Русе

Първият човек (Запис номер 190204)

MARC детайли
000 -Лидер
Контролно поле с фиксирана дължина 01800nam a2200421 c 4500
003 - Код на организацията, давaща контролен номер
Контролно поле BLK
005 - Дата и час на последна редакция
Контролно поле 20230118180930.0
008 - Елементи от данни с фиксирана дължина
fixed length control field 180411b bul|||||r ||||||| ||bul||
010 ## - Наследен системен номер
LC control number KNG00199313000
020 ## - Международен стандартен номер на книга ISBN
Международен стандартен номер на книга ISBN 9786197300079
040 ## - Източник на каталожния запис
Идентификатор на билиотеката - собственик на записа BLK
041 ## - Код за език
Код за езика на текст/звукозапис или на отделно заглавие Български
Код за езика КДБФ Български
072 #7 - Код за тематичната категория
Код организация bullib
Код за тематична категория Н62
Текст Приложни науки. Техника Н
080 ## - УДК
Текстов определител УДК Космическа техника. Космонавтика
УДК код - определител по УДК 629.78
УДК определител (73)(092)
УДК - код + определител 629.78(73)(092)
080 ## - УДК
Текстов определител УДК Американски пилот и астронавт, първият човек стъпил на Луната
УДК код - определител по УДК 929 Армстронг, Нийл Олдън
УДК - код + определител 929 Армстронг, Нийл Олдън
100 1# - Редна дума - Автор
Автор Хенсън, Джеймс
Авторска отговорност първи автор
R(LIN) 345096
139 ## - Редно поле
Редна дума Хенсън, Джеймс
Авторски знак Арм - А 86
245 10 - Сведения за заглавието
Заглавие Първият човек
Подзаглавни данни Животът на Нийл Армстронг
Редно поле (дума) Джеймс Хенсън; прев. от англ. Майя Пашова.
257 ## - Страна на издаване
Страна на създаване/издаване Съединени американски щати
260 ## - Област на издателските данни
Място на издаване, разпространение и проч. София
Име на издателя, разпространителя и проч. Вакон
Година на издаване 2016
300 ## - Физическа характеристика
Страници 512 с.
Размери/Мащаб 21 см
380 ## - Жанр
Жанр Техника
500 ## - Общи забележки
Забележка Ориг. загл. First Man : The Life of Neil A. Armstrong / James R. Hansen.
600 14 - Име на лице, използвано като предмет
За него / За нея Армстронг, Нийл Олдън
9 (RLIN) 345098
650 #4 - Допълнително описание по предмет – тема
Основно описание – тема или топоним Армстронг, Нийл
9 (RLIN) 345099
650 #4 - Допълнително описание по предмет – тема
Основно описание – тема или топоним Космонавти, американски
9 (RLIN) 345100
651 #4 - Допълнително описание по предмет - топоним
Географско понятие САЩ
9 (RLIN) 179493
653 ## - Ключова дума – ненормативна
Ключова дума Нийл Армстронг
653 ## - Ключова дума – ненормативна
Ключова дума космонавти
653 ## - Ключова дума – ненормативна
Ключова дума биографии
659 ## - Тематичен бюлетин
Тематичен бюлетин Н
700 1# - Други автори (авторска отговорност)
Лично име Пашова, Майя
Автороска отговорност (Описва отношението между автора и произведението) прев. от англ.
9 (RLIN) 345097
852 ## - Местоположение
Форматна сигнатура Цб 284083
856 4# - Електронен адрес и достъп
Електронен формат pdf - файл
856 4# - Електронен адрес и достъп
Електронен формат pdf - файл
999 ## - СИСТЕМНИ КОНТРОЛНИ НОМЕРА
Koha biblionumber 190204
Koha biblioitemnumber 190204
942 ## - АРТИКУЛИ
Вид на библиотечния материал Книги
Скрит в OPAC Не
Koha issues (borrowed), all copies 12
Периодичен библиозапис Да
944 ## - СЪЗДАВАНЕ И РЕДАКЦИЯ на ЗАПИСА
Създаване/Редакция Създаване
Дата на регистрацията/редакция 19.01.2017
Статус, дата на статуса ф /
Служител, извършил регистрацията/редакцията Виолета_Тройчева
944 ## - СЪЗДАВАНЕ И РЕДАКЦИЯ на ЗАПИСА
Създаване/Редакция Редакция
Дата на регистрацията/редакция 06.02.2017
Статус, дата на статуса ф /
Служител, извършил регистрацията/редакцията Людмила_Стоянова
999 ## - СИСТЕМНИ КОНТРОЛНИ НОМЕРА
Koha biblioitemnumber 190204
999 ## - СИСТЕМНИ КОНТРОЛНИ НОМЕРА
Koha biblioitemnumber 190204
999 ## - СИСТЕМНИ КОНТРОЛНИ НОМЕРА
Koha biblioitemnumber 190204
Наличности
Код за отписване Код за изгубен артикул Източник на класификационната схема Код за повреда Коз за рестрикции Код за отдаване Артикулен № Име на библиотеката - собственик Име на библиотеката, в която се намира в момента Статус (Текущо местоположение) Дата на вписване в системата Местоположение - отдел Цена в лева Инвентарен номер Систематично азбучна сигнатура Баркод Номер на екземпляра Цена в евро Служебна бележка Служебен тип на артикула
  Не е изгубен Universal Decimal Classification Не е повреден без рестрикции заемане за дома 334625 Регионална библиотека "Любен Каравелов" Русе Регионална библиотека "Любен Каравелов" Русе Заемна - подръчен фонд 2017-01-23 Заемна - подръчен фонд 14.04 120000807932 П 629.78(092)/А 86 120000807932 1 7.18 Дост: Pk Вид: Ф N: 784 Дата: 13.01.2017 Дата инв: 07.02.2018 Бележки инв: П2018 Книги
  Не е изгубен Universal Decimal Classification Не е повреден без рестрикции ползва се в читалня 683593 Регионална библиотека "Любен Каравелов" Русе Регионална библиотека "Любен Каравелов" Русе Хранилище 2018-11-30 Хранилище 18.00   Цб 291470 120000825218   9.20   Книги
  Не е изгубен Universal Decimal Classification Не е повреден   заемане за дома 800668 Регионална библиотека "Любен Каравелов" Русе Регионална библиотека "Любен Каравелов" Русе Заемна - подръчен фонд 2020-09-26 Заемна - подръчен фонд 12.60   629.78(092)/А 86 Н 120000847452   6.44   Книги
  Не е изгубен Universal Decimal Classification Не е повреден   заемане за дома 800669 Регионална библиотека "Любен Каравелов" Русе Регионална библиотека "Любен Каравелов" Русе Заемна - подръчен фонд 2020-09-26 Заемна - подръчен фонд 12.60   629.78(092)/А 86 Н 120000847453   6.44   Книги
Vip Innovations Ltd, Rousse, Bulgaria 2025